Taller de carne / (Record no. 218206)
[ view plain ]
| 000 -CABECERA | |
|---|---|
| campo de control de longitud fija | 01072 a2200277 4500 |
| 003 - IDENTIFICADOR DEL NÚMERO DE CONTROL | |
| campo de control | OSt |
| 005 - FECHA Y HORA DE LA ÚLTIMA TRANSACCIÓN | |
| campo de control | 20230717104544.0 |
| 008 - DATOS DE LONGITUD FIJA--INFORMACIÓN GENERAL | |
| campo de control de longitud fija | 230201b |||||||| |||| 00| 0 eng d |
| 020 ## - NÚMERO INTERNACIONAL ESTÁNDAR DEL LIBRO | |
| Número Internacional Estándar del Libro | 9786071726247 |
| 040 ## - FUENTE DE LA CATALOGACIÓN | |
| Centro/agencia transcriptor | CHAP |
| 082 00 - NÚMERO DE LA CLASIFICACIÓN DECIMAL DEWEY | |
| Número de edición | 22 |
| Número de clasificación | 664.921 |
| Número de documento/Ítem | T14 2016 |
| 245 00 - MENCIÓN DE TÍTULO | |
| Título | Taller de carne / |
| Mención de responsabilidad, etc. | basado en el trabajo de Gaetano Paltrinieri; colaboración Marco R. Meyer...[y otros cuatro] |
| 250 ## - MENCIÓN DE EDICIÓN | |
| Mención de edición | Cuarta edición |
| 264 #1 - PRODUCCIÓN, PUBLICACIÓN, DISTRIBUCIÓN, FABRICACIÓN Y COPYRIGHT | |
| Producción, publicación, distribución, fabricación y copyright | México : |
| Nombre del de productor, editor, distribuidor, fabricante | Trillas, |
| Fecha de producción, publicación, distribución, fabricación o copyright | 2016. |
| 300 ## - DESCRIPCIÓN FÍSICA | |
| Extensión | 96 páginas: |
| Otras características físicas | Ilustraciones. |
| 490 1# - MENCIÓN DE SERIE | |
| Mención de serie | Manuales para educación agropecuaria |
| Designación de volumen o secuencia | Industrias rurales |
| 504 ## - NOTA DE BIBLIOGRAFÍA, ETC. | |
| Nota de bibliografía, etc. | Bibliografía páginas: 93-95 |
| 650 #4 - PUNTO DE ACCESO ADICIONAL DE MATERIA--TÉRMINO DE MATERIA | |
| 9 (RLIN) | 147937 |
| Término de materia o nombre geográfico como elemento de entrada | Industria del ganado y de la carne |
| 650 #4 - PUNTO DE ACCESO ADICIONAL DE MATERIA--TÉRMINO DE MATERIA | |
| 9 (RLIN) | 144419 |
| Término de materia o nombre geográfico como elemento de entrada | Mataderos |
| Subdivisión general | Equipo y aparatos |
| 650 #4 - PUNTO DE ACCESO ADICIONAL DE MATERIA--TÉRMINO DE MATERIA | |
| 9 (RLIN) | 155444 |
| Término de materia o nombre geográfico como elemento de entrada | Productos cárnicos |
| Subdivisión general | Inocuidad alimentaria |
| 650 #4 - PUNTO DE ACCESO ADICIONAL DE MATERIA--TÉRMINO DE MATERIA | |
| 9 (RLIN) | 161213 |
| Término de materia o nombre geográfico como elemento de entrada | Productos cárnicos |
| Subdivisión general | Calidad de almacenaje |
| 700 1# - PUNTO DE ACCESO ADICIONAL--NOMBRE DE PERSONA | |
| 9 (RLIN) | 85035 |
| Nombre de persona | Paltrinieri, Gaetano |
| 700 1# - PUNTO DE ACCESO ADICIONAL--NOMBRE DE PERSONA | |
| 9 (RLIN) | 75294 |
| Nombre de persona | Meyer, Marco R. |
| Término indicativo de función/relación | Colaborador |
| 830 #0 - PUNTO DE ACCESO ADICIONAL DE SERIE-TÍTULO UNIFORME | |
| 9 (RLIN) | 142161 |
| Título uniforme | Manuales para educación agropecuaria |
| Designación de volumen o secuencia | Industrias rurales |
| 942 ## - ELEMENTOS DE PUNTO DE ACCESO ADICIONAL (KOHA) | |
| Tipo de ítem Koha | |
| Fuente del sistema de clasificación o colocación | Dewey Decimal Classification |
| Estado de retiro | Estado de pérdida | Fuente del sistema de clasificación o colocación | Estado dañado | Restricciones de uso | No para préstamo | Código de colección | Localización permanente | Ubicación/localización actual | Ubicación en estantería | Fecha de adquisición | Total de préstamos | Signatura topográfica completa | Código de barras | Fecha visto por última vez | Precio válido a partir de | Tipo de ítem Koha | Número de copia |
|---|---|---|---|---|---|---|---|---|---|---|---|---|---|---|---|---|---|
| Dewey Decimal Classification | Préstamo 15 días | General | Biblioteca Central | Biblioteca Central | Planta principal - Colección General | 27/06/2023 | 664.92 T14 2016 | 33724002575835 | 27/06/2023 | 27/06/2023 | Libro | ||||||
| Dewey Decimal Classification | Préstamo 15 días | General | Biblioteca Central | Biblioteca Central | Planta principal - Colección General | 27/06/2023 | 664.92 T14 2016 | 33724002575793 | 27/06/2023 | 27/06/2023 | Libro | c.2 |
